Reed's naval architecture for marine engineers (Record no. 1235)

000 -LEADER
fixed length control field 00460nam a2200157 4500
008 - FIXED-LENGTH DATA ELEMENTS--GENERAL INFORMATION
fixed length control field 200115b ||||| |||| 00| 0 eng d
082 00 - DEWEY DECIMAL CLASSIFICATION NUMBER
Classification number 623.81
Item number S8749
100 ## - MAIN ENTRY--PERSONAL NAME
9 (RLIN) 693
Personal name Stokoe, E. A.
245 10 - TITLE STATEMENT
Title Reed's naval architecture for marine engineers
250 ## - EDITION STATEMENT
Edition statement 4th ed.
260 ## - PUBLICATION, DISTRIBUTION, ETC. (IMPRINT)
Place of publication, distribution, etc London
Name of publisher, distributor, etc Thomas Reed Pub
Date of publication, distribution, etc 1991
300 ## - PHYSICAL DESCRIPTION
Extent 392 p.
490 0# - SERIES STATEMENT
Series statement Reed's Marine Engineering Series
Volume number/sequential designation Vol. 4
650 #0 - SUBJECT ADDED ENTRY--TOPICAL TERM
Topical term or geographic name as entry element Naval Architecture
942 ## - ADDED ENTRY ELEMENTS (KOHA)
Source of classification or shelving scheme
Item type Books
Holdings
Withdrawn status Lost status Source of classification or shelving scheme Damaged status Not for loan Permanent location Current location Date acquired Full call number Barcode Date last seen Koha item type Source of acquisition Cost, replacement price Total Checkouts Total Renewals Date last borrowed
          IMU Kolkata IMU Kolkata 1975-07-16 623.81 S8749 04283 2020-01-15 Books          
          IMU Kolkata IMU Kolkata 1975-07-16 623.81 S8749 04284 2020-01-15 Books          
          IMU Kolkata IMU Kolkata 1975-07-16 623.81 S8749 04285 2020-01-15 Books          
          IMU Kolkata IMU Kolkata 1975-07-16 623.81 S8749 04286 2020-01-15 Books          
          IMU Kolkata IMU Kolkata 2008-11-10 623.81 S8749 10701 2020-02-20 Books Shankars Book Agency 1934.00      
          IMU Kolkata IMU Kolkata 2008-11-10 623.81 S8749 10702 2023-12-13 Books Shankars Book Agency 1934.00 3 1 2023-11-17
Designed and Maintained by IMU-KC Library, Kolkata Campus © Copyright All Rights Reserved

webs counters

Powered by Koha